=LDR 00000nam 2200000 4500 =001 NUTBA000000000000695 =005 20140401105728.0 =006 =007 =008 =020 ##$$a 978-979-769-281-0 =035 ##$$a 0010-031400000000694 =040 ##$$b Ind =082 ##$$a 910.259 8 =090 ##$$a 910.259 8 Mul k =100 ##$$a Muljadi A. J. =245 ##$$a Kepariwisataan dan perjalanan$cMuljadi A.J. =260 ##$$a Jakarta$bRaja Grafindo$c2012. =300 ##$$a xvi,250 hlm.$c21 cm. =650 ##$$a Kepariwisataan =850 ##$$a NBPNMAT =990 ##$$a 21302926 =990 ##$$a 92041/BPAP-NTB/2014 =990 ##$$a 92212/BPAP-NTB/2014 =990 ##$$a 21400613/BPAP-NTB/20142014 =990 ##$$a 21400613/BPAP-NTB/20142014 =990 ##$$a 0001/BPAP-NTB/20142014